000
00302nam a22001337a 4500
008
170202b xxu||||| |||| 00| 0 eng d
020
_a
9780323007092
041
_a
eng
080
_2
3RD
_a
61
100
_a
3
101
_a
SHM
245
_a
LONG-TERM CARE ASSISTANTS
_c
SORRENTINO, SH.A
942
_2
udc
_c
BK
999
_c
4304
_d
4304